Capitali storiche degli USA - Statistics

Statistiche generali
  • Questo quiz è stato fatto 19 volte
  • Il punteggio medio è 7 su 12
Statistiche sulle risposte
Anno in cui la città è divenuta capitale Attualmente Capitale % Corretto
1800 Capitale degli Stati Uniti Washington D.C.
94%
1785 Città più popolosa di New York New York
89%
1776 Città più popolosa della Pennsylvania Filadelfia
83%
1777 Città più popolosa della Pennsylvania Filadelfia
83%
1778 Città più popolosa della Pennsylvania Filadelfia
83%
1790 Città più popolosa della Pennsylvania Filadelfia
83%
1783 Capitale del Maryland Annapolis
39%
1784 Decima città più popolosa del New Jersey Trenton
39%
1776 Città più popolosa del Maryland Baltimora
33%
1783 Città nota per la sua Università; New Jersey Princeton
17%
1777 Ottava città più popolosa della Pennsylvania Lancaster
6%
1777 Decima città più popolosa della Pennsylvania York
6%
Nessun quiz corrispondente trovato
Distribuzione punteggi
Percentuale di utenti per punteggio
Percentile per numero di risposta
I tuoi punteggi nel tempo
Non hai fatto questo quiz